000 01271nam a22003257a 4500
005 2011061405595.0
008 110614t xxu||||| |||| 00| 0 eng d
010 _aENG-102597
020 _a8121404460
_c650.00
035 _aEN-86130
037 _bDBAD / PUB
040 _adpl
_bEnglish
082 _a881.8
100 _928493
_aRajeswaran, Sridhar
_d1960-
110 _928532
245 _aThe English cup, Irish coffee and black sugar :
_cby Sridhar Rajeswaran.
_bostcolonial perspective on the poetry of W.B. Yeats /
260 _aNew Delhi
_bNational Pub. House
_c2009
270 _a2/35 Ansari Road, Darya Ganj
_bNew Delhi
_e110002
300 _axiii, 328 p., 1 folded page :
_c23cm (Hb)
_bill.
500 _aIncludes bibliographical references (p. 316-328).
520 _aWilliam Butler Yeats, 1865-1939, Irish poet and dramatist.
600 _aYeats, W. B. |q (William Butler)
_d1865-1939
_xPoetic works.
_928594
610 _928529
650 _928580
_aPostcolonialism in literature.
651 _928530
700 _928520
710 _928535
942 _2ddc
_cEN
_mRAJ
_h881.8
999 _c52863
_d52863